Mentally retarded children (Record no. 39581)
[ view plain ]
| 000 -LEADER | |
|---|---|
| fixed length control field | 01185nam a2200313 a 4500 |
| 082 04 - DEWEY DECIMAL CLASSIFICATION NUMBER | |
| Classification number | 362.7/8/3 |
| 100 1# - MAIN ENTRY--AUTHOR NAME | |
| Personal name | Blodgett, Harriet Eleanor, |
| 245 10 - TITLE STATEMENT | |
| Title | Mentally retarded children |
| 260 ## - PUBLICATION, DISTRIBUTION, ETC. (IMPRINT) | |
| Place of publication | Minneapolis : |
| Name of publisher | University of Minnesota Press, |
| Year of publication | [1971] |
| 300 ## - PHYSICAL DESCRIPTION | |
| Number of Pages | 165 p. |
| 500 ## - GENERAL NOTE | |
| General note | Includes index. |
| 650 #0 - SUBJECT ADDED ENTRY--TOPICAL TERM | |
| Topical Term | Children with mental disabilities. |
| 856 40 - ELECTRONIC LOCATION AND ACCESS | |
| Uniform Resource Identifier | http://site.ebrary.com/lib/rucke/Doc?id=10231190 |
No items available.
